000 00591nam a22001937a 4500
999 _c102783
_d102783
005 20181212124740.0
010 _aENG-115824
020 _a9781107659728
_c495.00
035 _aEN-99356
037 _bDBAD/PUB
082 _a954
100 _aDube Ishita Banerjee
245 _aA history of modern India /
_cby Ishita Banerjee Dubey
260 _aNew Delhi
_bCambridge University Press
_c2015
270 _a4381/4 Ansari Road, Daryaganj
_bNew Delhi
_e1110002
300 _axvi,486p. :
_c25cm(pbk)
_bill(maps)
500 _aIncludes index
942 _2ddc
_cEN
_h954
_mBAN